00559 a2200157 450000500170000001000150001702000310003203500140006303700130007708200130009024501080010326000540021127000800026530000330034570000230037820220221125912.0 aENG-130438 a978-93-91370-37-4c1495.00 aEN-113970 bDBAD/PUB a954.1b1 aState Vs. Society in Northeast India:bHistory, Politics and the Everyday/cEdited by G. Amarjit Sharma aNew DelhibSage Publications India Pvt Ltd.c2021 aB-I/I-I, Mohan Cooperative Industrial Area, Mathura RoadbNew Delhie110044 axv, 307p.c22cm (hbk)bIndex aSharma, G. Amarjit